Reference manager : Version 5 for MS-DOS
Đã lưu trong:
| 企業作者: | |
|---|---|
| 格式: | 圖書 |
| 語言: | Undetermined |
| 出版: |
U.S.A.
RIS (Research information systems, Inc.)
1992
|
| 主題: | |
| 標簽: |
添加標簽
沒有標簽, 成為第一個標記此記錄!
|
| Thư viện lưu trữ: | Trung tâm Học liệu Trường Đại học Cần Thơ |
|---|
| LEADER | 00596nam a2200193Ia 4500 | ||
|---|---|---|---|
| 001 | CTU_160639 | ||
| 008 | 210402s9999 xx 000 0 und d | ||
| 082 | |a 005.4 | ||
| 082 | |b R332 | ||
| 110 | |a RIS (Research information systems, Inc.) | ||
| 245 | 0 | |a Reference manager : | |
| 245 | 0 | |b Version 5 for MS-DOS | |
| 245 | 0 | |c RIS (Research information systems, Inc.) | |
| 260 | |a U.S.A. | ||
| 260 | |b RIS (Research information systems, Inc.) | ||
| 260 | |c 1992 | ||
| 650 | |a DOS (Computer programs),Operating systems | ||
| 904 | |i Giang | ||
| 980 | |a Trung tâm Học liệu Trường Đại học Cần Thơ | ||